Obce okresu Benešov - Statistics

General Stats
  • This quiz has been taken 18 times
  • The average score is 32 of 114
Answer Stats
Počet obyvatel Odpověď % Correct
17 043 Benešov
100%
11 434 Vlašim
100%
4 760 Votice
89%
3 133 Čerčany
78%
2 764 Neveklov
78%
1 397 Olbramovice
67%
1 506 Trhový Štěpánov
67%
4 698 Bystřice
56%
529 Kondrac
56%
661 Louňovice pod Blaníkem
56%
2 301 Pyšely
56%
170 Rataje
56%
1 430 Čechtice
44%
1 831 Divišov
44%
277 Hulice
44%
914 Jankov
44%
188 Keblov
44%
472 Křivsoudov
44%
84 Kuňovice
44%
885 Miličín
44%
870 Mrač
44%
3 867 Sázava
44%
5 752 Týnec nad Sázavou
44%
515 Zdislavice
44%
184 Český Šternberk
33%
1 383 Chocerady
33%
670 Chotýšany
33%
907 Dolní Kralovice
33%
147 Javorník
33%
176 Kamberk
33%
620 Loket
33%
240 Miřetice
33%
1 118 Načeradec
33%
1 191 Netvořice
33%
557 Neustupov
33%
1 651 Poříčí nad Sázavou
33%
572 Pravonín
33%
294 Rabyně
33%
319 Ratměřice
33%
231 Řimovice
33%
466 Soběhrdy
33%
140 Strojetice
33%
1 015 Struhařov
33%
106 Studený
33%
342 Tehov
33%
552 Teplýšovice
33%
648 Václavice
33%
225 Bílkovice
22%
91 Borovnice
22%
824 Bukovany
22%
131 Čakov
22%
344 Červený Újezd
22%
463 Chlístov
22%
123 Chlum
22%
164 Chmelná
22%
254 Chrásťany
22%
179 Ctiboř
22%
800 Čtyřkoly
22%
62 Děkanovice
22%
743 Heřmaničky
22%
124 Ješetice
22%
288 Kladruby
22%
429 Kozmice
22%
815 Křečovice
22%
287 Libež
22%
786 Maršovice
22%
382 Mezno
22%
474 Ostředek
22%
279 Pavlovice
22%
378 Petroupim
22%
299 Popovice
22%
1 464 Postupice
22%
439 Přestavlky u Čerčan
22%
146 Psáře
22%
410 Radošovice
22%
49 Slověnice
22%
256 Smilkov
22%
89 Snět
22%
269 Soutice
22%
213 Tichonice
22%
113 Třebešice
22%
352 Veliš
22%
403 Vracovice
22%
430 Vranov
22%
189 Vysoký Újezd
22%
426 Zvěstov
22%
223 Bernartice
11%
230 Chářovice
11%
111 Drahňovice
11%
66 Dunice
11%
35 Hradiště
11%
343 Hvězdonice
11%
1 135 Krhanice
11%
507 Krńany
11%
905 Lešany
11%
542 Lštění
11%
808 Nespeky
11%
544 Řehenice
11%
119 Stranný
11%
307 Střezimíř
11%
218 Tisem
11%
125 Tomice
11%
480 Vojkov
11%
1 077 Vrchotovy Janovice
11%
116 Všechlapy
11%
102 Blažejovice
0%
49 Chleby
0%
64 Choratice
0%
75 Litichovice
0%
221 Michalovice
0%
71 Ostrov
0%
72 Šetějovice
0%
104 Vodslivy
0%
57 Xaverov
0%
No matching quizzes found
Score Distribution
Percent of People with Each Score
Percentile by Number Answered
Your Score History
You have not taken this quiz